Dans quel pays se trouve ou se trouvait cette statue ? - Statistiques

Statistiques générales
  • Ce quiz a été pris 38 fois
  • Le résultat moyen est 7 sur 37
Statistiques - réponses
Par images Hint Réponse % Correct
Statue de la Liberté Etats-Unis
100%
Bouddha Thaïlande
81%
Sphinx Egypte
69%
Gengis Khan Mongolie
50%
Bouddha Corée-du-Sud
38%
Pierre le Grand Russie
31%
Bouddha Afghanistan
28%
Monument à la renaissance africaine Sénégal
28%
Christophe Colomb Espagne
25%
Monument d'Hermann Allemagne
22%
Bouddha Sri Lanka
22%
Monument à la réconciliation Corée-du-Nord
19%
Merlion Singapour
19%
La Mère Patrie Ukraine
16%
Vierge France
13%
Kailashnath Mahadev Népal
13%
Bouddha Birmanie
9%
Bouddha Chine
9%
Charles de Borromée Italie
9%
Le banquier Luxembourg
9%
Bouddha Taïwan
9%
Vierge Brésil
6%
Bouddha Japon
6%
Christ Portugal
6%
Mevlana Turquie
6%
Thiruvalluvar Inde
3%
Murugan Malaisie
3%
Mangal Mahadev Maurice
3%
Christ Pologne
3%
Industrie Roumanie
3%
Kelpies Royaume-Uni
3%
Vierge Venezuela
3%
Guanyin Vietnam
3%
Christ Bolivie
0%
Vierge Bulgarie
0%
Christ Mexique
0%
Christ Syrie
0%
Aucun quiz correspondant
Distribution des résultats
% des personnes avec chaque résultat
Percentile par nombre de réponses
Votre historique - résultats
Vous n’avez pas pris ce quiz